000 00529nam a2200181Ia 4500
003 GCL
008 140319s9999 xx 000 0 ara d
040 _aGCL /
_cGCL
082 0 4 _a812.043
_bن ح
100 1 _aنجيب سرور
245 1 0 _aالحكم قبل المداولة : مسرحية من 3 فصول /
_cنجيب سرور
700 1 _aعبدالعزيز حمودة
300 _a98 ص
490 _a
650 0 4 _aالادب العربى
650 0 4 _aالمسرحيات العربية - مصر
942 _2ddc
_cBK
999 _c40363
_d40363